|
|
|
|
| LEADER |
00891nam a2200205 a 4500 |
| 001 |
GR-MES2057 |
| 008 |
991111s gr 000 0 gre d |
| 040 |
|
|
|a GrPaTEI
|b gre
|c GR-PaULI
|
| 245 |
0 |
0 |
|a Ενυδρεία :
|b Ολα όσα πρέπει να ξέρετε, εγκατάσταση, τεχνική,φροντίδα, ιχθυοβιολογία εκτροφή.
|
| 260 |
|
|
|a Αθήνα :
|b Ψύχαλου,
|c c1990
|
| 300 |
|
|
|a 156σελ. :
|b εικ.
|
| 650 |
|
4 |
|a Ενυδρεία
|
| 650 |
|
4 |
|a ΙΧΘΥΟΒΙΟΛΟΓΙΑ
|
| 700 |
1 |
|
|a Wilkerling, K.
|
| 700 |
1 |
|
|a Καββαδάς, Δ.
|
| 710 |
0 |
|
|a Ψύχαλου
|
| 942 |
|
|
|2 ddc
|
| 952 |
|
|
|0 0
|1 0
|2 ddc
|4 0
|6 639_340000000000000_WIL
|7 0
|9 266362
|a MSLG
|b MSLG
|c BSC
|d 2021-01-17
|e 24
|f 2
|g 0.00
|l 0
|o 639.34 WIL
|p 2420000005765
|r 2021-01-17 00:00:00
|t 1
|w 2021-01-17
|y BK15
|x 19991111 0 1
|x GrPaTEI
|
| 971 |
|
|
|a .b25731014
|b 16-04-20
|c 13-09-16
|
| 999 |
|
|
|c 153218
|d 153218
|